<?xml version="1.0" encoding="UTF-8"?>
<record
    xmlns:xsi="http://www.w3.org/2001/XMLSchema-instance"
    xsi:schemaLocation="http://www.loc.gov/MARC21/slim http://www.loc.gov/standards/marcxml/schema/MARC21slim.xsd"
    xmlns="http://www.loc.gov/MARC21/slim">

  <leader>01090nam a2200253 a 4500</leader>
  <controlfield tag="008">110705s1999    sp ||||f |||| 001 0 spa d</controlfield>
  <datafield tag="020" ind1=" " ind2=" ">
    <subfield code="a">8478851674</subfield>
  </datafield>
  <datafield tag="041" ind1=" " ind2=" ">
    <subfield code="a">spa</subfield>
  </datafield>
  <datafield tag="092" ind1=" " ind2=" ">
    <subfield code="c">616.89</subfield>
    <subfield code="l">91</subfield>
    <subfield code="s">VAZ</subfield>
  </datafield>
  <datafield tag="100" ind1="1" ind2=" ">
    <subfield code="a">V&#xE1;zquez Barquero, Jos&#xE9; Luis</subfield>
    <subfield code="9">100</subfield>
  </datafield>
  <datafield tag="245" ind1=" " ind2=" ">
    <subfield code="a">Psiquiatr&#xED;a en atenci&#xF3;n primaria /</subfield>
    <subfield code="c">Jos&#xE9; Luis V&#xE1;zquez Barquero</subfield>
  </datafield>
  <datafield tag="250" ind1=" " ind2=" ">
    <subfield code="a">1a ed. 2a reimp.</subfield>
  </datafield>
  <datafield tag="260" ind1=" " ind2=" ">
    <subfield code="a">Madrid:</subfield>
    <subfield code="b">Aula M&#xE9;dica;</subfield>
    <subfield code="c">1999.</subfield>
  </datafield>
  <datafield tag="300" ind1=" " ind2=" ">
    <subfield code="a">905 p.</subfield>
  </datafield>
  <datafield tag="500" ind1=" " ind2=" ">
    <subfield code="a">V&#xE1;zquez Barquero, J. L. (1999). Psiquiatr&#xED;a en atenci&#xF3;n primaria. (1a ed.). Madrid : Aula M&#xE9;dica.</subfield>
  </datafield>
  <datafield tag="590" ind1=" " ind2=" ">
    <subfield code="a">Donaci&#xF3;n CEM, Mayo 2011</subfield>
  </datafield>
  <datafield tag="653" ind1=" " ind2=" ">
    <subfield code="a">Extensi&#xF3;n y naturaleza de la enfermedad mental en atenci&#xF3;n primaria</subfield>
  </datafield>
  <datafield tag="653" ind1=" " ind2=" ">
    <subfield code="a">Evaluaci&#xF3;n del paciente con trastornos mentales en atenci&#xF3;n primaria</subfield>
  </datafield>
  <datafield tag="653" ind1=" " ind2=" ">
    <subfield code="a">Cl&#xED;nica de la enfermedad mental en atenci&#xF3;n primaria</subfield>
  </datafield>
  <datafield tag="653" ind1=" " ind2=" ">
    <subfield code="a">Tratamiento y manejo del paciente con enfermedad mental en atenci&#xF3;n primaria</subfield>
  </datafield>
  <datafield tag="653" ind1=" " ind2=" ">
    <subfield code="a">Prevenci&#xF3;n de la enfermedad mental en atenci&#xF3;n primaria</subfield>
  </datafield>
  <datafield tag="653" ind1=" " ind2=" ">
    <subfield code="a">Repercusiones de la enfermedad mental en atenci&#xF3;n primaria</subfield>
  </datafield>
  <datafield tag="942" ind1=" " ind2=" ">
    <subfield code="2">ddc</subfield>
    <subfield code="c">BK</subfield>
  </datafield>
  <datafield tag="999" ind1=" " ind2=" ">
    <subfield code="c">867</subfield>
    <subfield code="d">867</subfield>
  </datafield>
  <datafield tag="952" ind1=" " ind2=" ">
    <subfield code="0">0</subfield>
    <subfield code="1">0</subfield>
    <subfield code="2">ddc</subfield>
    <subfield code="4">0</subfield>
    <subfield code="7">0</subfield>
    <subfield code="8">REF</subfield>
    <subfield code="a">BFM</subfield>
    <subfield code="b">BFM</subfield>
    <subfield code="c">REF</subfield>
    <subfield code="d">2011-07-05</subfield>
    <subfield code="l">6</subfield>
    <subfield code="o">616.89 91 VAZ</subfield>
    <subfield code="p">2329</subfield>
    <subfield code="r">2014-11-06</subfield>
    <subfield code="s">2014-04-30</subfield>
    <subfield code="t">ej.1</subfield>
    <subfield code="w">2011-07-05</subfield>
    <subfield code="y">REF</subfield>
    <subfield code="z">LIBRO DE CONSULTA</subfield>
  </datafield>
  <datafield tag="952" ind1=" " ind2=" ">
    <subfield code="0">0</subfield>
    <subfield code="1">0</subfield>
    <subfield code="2">ddc</subfield>
    <subfield code="4">0</subfield>
    <subfield code="7">0</subfield>
    <subfield code="a">BFM</subfield>
    <subfield code="b">BFM</subfield>
    <subfield code="c">CR</subfield>
    <subfield code="d">2011-07-05</subfield>
    <subfield code="l">34</subfield>
    <subfield code="m">4</subfield>
    <subfield code="o">616.89 91 VAZ</subfield>
    <subfield code="p">2330</subfield>
    <subfield code="r">2023-10-17</subfield>
    <subfield code="s">2023-10-10</subfield>
    <subfield code="t">ej.2</subfield>
    <subfield code="w">2011-07-05</subfield>
    <subfield code="y">BK</subfield>
  </datafield>
</record>
